Word Ladder: Mystery Theme VI Quiz Stats

 Plays Quiz Updated Mar 18, 2012

Support Sporcle.
Go Orange.
Score 0/32 Timer 04:00
0 Plays Today
Clue Answer % Correct
A clenched handFIST
97.9%
Quick; rapidFAST
97.5%
A two-wheeled vehicle with
a seat and handlebars
BIKE
96.8%
TV show: ''The Big ____ Theory''BANG
96.6%
Child's toy that looks like a humanDOLL
96.6%
Clinton or GatesBILL
96.4%
● Cold-blooded, aquatic animals ●●FISH●
96.3%
Liquid from the liverBILE
95.5%
● 2003 movie: ''Bend it ____ Beckham'' ●●LIKE●
95.4%
Body part with fingers and wristHAND
95.4%
● Shallow container for serving food ●●DISH●
95%
2001 movie: ''Don't Say a ____''WORD
94.8%
Price of a taxi rideFARE
94.8%
Boring, uninterestingDULL
94.8%
● 1988 movie: ''____ Durham'' ●●BULL●
93.5%
● 1968 movie: ''____ 'Em High'' ●●HANG●
93.5%
Clue Answer % Correct
● To discharge a gun ●●FIRE●
93.2%
● Star of LOTR series: Elijah ____●WOOD●
93.2%
A room in a hospital for several patientsWARD
93%
Solid; firmHARD
92.9%
● Nourishment for human or animal life ●●FOOD●
92.4%
Asking a part of a group its opinion to determine the opinion of the whole groupPOLL
91%
● Have departed; left ●●GONE●
90.7%
A long, cylindrical piece of metalPOLE
90.1%
A verifiable truthFACT
90%
● 1997 movie: ''____/Off'' ●●FACE●
89.7%
A small opening in the skinPORE
89.7%
Former currencies of Malta and ItalyLIRE
89.6%
Al or VidalGORE
87.1%
● Ulna or radius, e.g. ●●BONE●
86.7%
A person that ruins or spoilsBANE
82.4%
Common Bond: (not part of the ladder)●●DOG●●
10.5%

Today's Daily Dose

You're not logged in!

Compare scores with friends on all Sporcle quizzes.
OR
Log In

From the Vault

24 More 'H' Celebrities

by sproutcm

This is the B-list of H-celebrities if you're scoring at home.
Remove Ads.
Support Sporcle.
Get the best of Sporcle when you Go Orange. This ad-free experience offers more features, more stats, and more fun while also helping to support Sporcle. Thank you for becoming a member.

Show Comments

Extras

Top Quizzes Today


Score Distribution

Your Account Isn't Verified!

In order to create a playlist on Sporcle, you need to verify the email address you used during registration. Go to your Sporcle Settings to finish the process.

Report this User

Report this user for behavior that violates our Community Guidelines.

Details: